000 00627nam a2200229Ia 4500
003 OSt
005 20220928120736.0
006 a|||||r|||| 00| 0
007 ta
008 220927b |||||||| |||| 00| 0 eng d
024 _a49609
037 _cTextual
040 _aSDCL
_cSDCL
_beng
041 _2eng
_aeng
082 _aV3,6'N7, L7
100 _aJoyce Frank Ed.
_9450857
245 0 _aMetropolitan development and change
_b The West Midlands
260 _aHants
_bSaxon House
_c1977
300 _axii,446p
_ccm.
942 _hV3,6'N7, L7
_cTEXL
_2CC
999 _c765002
_d765002